000 01015nam a2200265Ia 4500
003 OSt
005 20220923211520.0
006 a|||||r|||| 00| 0
007 ta
008 220922b |||||||| |||| 00| 0 hin d
020 _a9789380651354 (hbk)
_c695
024 _a261,118
037 _b346, 26/03/2012, Vidyanidhi Prakashan
_cTextual
040 _aARTS
_cARTS
_bhin
041 _2hin
_ahin
082 _aO15,2D81,1:g, 152Q2
100 _aमिश्रा, दिव्या
245 0 _aमुद्राराक्षस की शास्त्रीय समीक्षा
246 _aMudrārākṣhas kī shāstrīya samīkṣhā
260 _aदिल्ली
_b विद्यानिधि प्रकाशन
_c2012
300 _a335पृ.
_ccm.
650 _aसंस्कृत साहित्य
942 _hO15,2D81,1:g, 152Q2
_cTEXL
_2CC
999 _c300304
_d300304